000 00658nam a2200253Ia 4500
001 32882
005 20240114001624.0
007 ta
008 061123s1959 g b000 u asm u
020 _cHB
040 _aCotton College,Assam
041 _aasm
082 _a294.5924
_bNe 35 Sr
100 _aNeog, Maheshwar .
245 0 _aSri Bhagabat-Katha /
_cMaheshwar Neog.
_hTextual Documents
250 _a1st ed. /
260 _aGuwahati :
_bLawyers Book Stall ,
_c1959.
300 _a94p. ;
_c22cm.
653 _aReligious Literature-Bhagabat
653 _aG-Religion
942 _2ddc
_cBK
999 _c32864
_d32864